Investigación, experiencia y aplicación de la mejora genética forestal / (Record no. 16748)

MARC details
000 -LEADER
campo de control de longitud fija 00622nam a2200181 i 4500
001 - NÚMERO DE CONTROL
campo de control 16748
003 - IDENTIFICADOR DE NÚMERO DE CONTROL
campo de control ES-MaACL
005 - FECHA Y HORA DE LA ÚLTIMA TRANSACCIÓN
campo de control 20230906151405.0
007 - CAMPO FIJO DE DESCRIPCIÓN FÍSICA--INFORMACIÓN GENERAL
campo de control de longitud fija t|
008 - DATOS DE LONGITUD FIJA--INFORMACIÓN GENERAL
campo de control de longitud fija 001030s1983 sp ||||1| spa d
080 ## - NÚMERO DE LA CLASIFICACIÓN DECIMAL UNIVERSAL
Número de la Clasificación Decimal Universal 630*24
100 1# - ENTRADA PRINCIPAL--NOMBRE DE PERSONA
Nombre de persona Balguerías Jiménez, Antonio.
9 (RLIN) 24934
245 10 - MENCIÓN DEL TÍTULO
Título Investigación, experiencia y aplicación de la mejora genética forestal /
Mención de responsabilidad, etc. Antonio Balguerías Jiménez.
260 ## - PUBLICACIÓN, DISTRIBUCIÓN, ETC.
Lugar de publicación, distribución, etc. [S.l] :
Nombre del editor, distribuidor, etc. Escuela Universitaria de Ingeniería Técnica Forestal,
Fecha de publicación, distribución, etc. 1983.
300 ## - DESCRIPCIÓN FÍSICA
Extensión 15 h. ;
Dimensiones 21 cm.
650 14 - PUNTO DE ACCESO ADICIONAL DE MATERIA--TÉRMINO DE MATERIA
Término de materia o nombre geográfico como elemento de entrada Arboles forestales-
Subdivisión general Mejora genética.
9 (RLIN) 9943
852 ## - LOCALIZACIÓN
Ubicación ES-MaACL
Número de control de estantería 2154-F-25
Sublocalización o colección R.128952
Holdings
Estatus retirado Estado de pérdida Estado de daño No para préstamo Colección Biblioteca de origen Biblioteca actual Ubicación en estantería Fecha de adquisición Fuente de adquisición Total de préstamos Signatura topográfica completa Código de barras Visto por última vez Precio de reemplazo Tipo de ítem Koha
        Colección de folletos Biblioteca del Ateneo de Madrid Biblioteca del Ateneo de Madrid Depósito folletos 17/01/2008     2154-F-25 1017011 23/02/2023 23/02/2023 Folleto